| 000 | 003480000a22001570004500 | ||
|---|---|---|---|
| 003 | MACL | ||
| 040 | _aMACL | ||
| 090 |
_c46235 _d46233 |
||
| 100 | _aGanguly, Sunil | ||
| 245 | _aGroup Disscussion and interview | ||
| 260 |
_bArise Publishers _c2011 |
||
| 350 | _a700 | ||
| 650 | _aGeneralities | ||
| 942 |
_cBOOK _k010/GAN |
||
| 951 | _o010/GAN BOOK | ||
| 999 |
_c45752 _d45752 |
||